| 000 | 01055 a2200229 4500 | ||
|---|---|---|---|
| 003 | dpl | ||
| 005 | 20170204140517.0 | ||
| 008 | 080901t xxu||||| |||| 00| 0 hin d | ||
| 010 | _aB-24427,B-024427 | ||
| 020 | _c60.00 | ||
| 035 | _aB-24427,B-024427 | ||
| 037 | _bDPL | ||
| 040 | _cDPL | ||
| 082 |
_a921 _21999 |
||
| 100 | _aगौड़, यतीन्द्र नाथ 'शुभाश' | ||
| 245 |
_aममता की मूरत मदर टेरेसा / _cयतीन्द्र नाथ गौड़ 'शुभाश' |
||
| 246 |
_aMamta kee murat Mother Teresa _bby Yatindra Nath Gaud ' Shubhash ' |
||
| 260 |
_aदिल्ली _bराजसूर्य प्रकाशन _c1999 |
||
| 270 |
_aडी ब्लॉक, 2/41-ए, गामडी एक्सटेंशन भजनपुरा _bदिल्ली _e110053 _k011- 2172380 |
||
| 300 |
_a80पृ _c22 सेमी (सजिल्द) _bसचित्र |
||
| 942 |
_adpl _cHN _k921 / टेरेसा _2ddc _h921 _m टेरेसा |
||
| 999 |
_c11139 _d11139 |
||